BIBLIOTECA PODER JUDICIAL
Portal Judicial TDF
Vista normal Vista MARC

Entrada Autor Personal

Número de registros utilizados en: 1

001 - CONTROL NUMBER

  • control field: 6609

003 - CONTROL NUMBER IDENTIFIER

  • control field: OSt

005 - DATE AND TIME OF LATEST TRANSACTION

  • control field: 20251224112329.0

008 - FIXED-LENGTH DATA ELEMENTS

  • fixed length control field: 251224|| aca||aabn | a|a d

040 ## - CATALOGING SOURCE

  • Original cataloging agency: OSt

100 ## - HEADING--PERSONAL NAME

  • Personal name: Boquin, Gabriela F.

12 de Octubre 789 Ushuaia - Tel:  54(02901)441571
Horario de Atención: 8.00 a 17.00 hs. 
bibliotecaush@justierradelfuego.gov.ar
koha@justierradelfuego.gov.ar
Seguinos en nuestras redes @bibliojustdf 

Con tecnología Koha